000 00684nam a2200277Ia 4500
005 20260324133649.0
008 008 260324s9999 xx 000 0 eng d
020 _a9781003547228
037 _aEBOOK
040 _aCRL
040 _beng
040 _cCRL
041 _2eng
041 _aeng
084 _qCRL
100 _aWilliam Rees-Mogg; Alexander Pettit
_91193926
245 0 _aMiscellanies in Prose and Verse by Pope, Swift and Gay Vol 1
260 _bTaylor and Francis
260 _c2003
365 _a
365 _b170
856 _uhttp://www.taylorfrancis.com/books/9781003547228
942 _cEBOOK
999 _c1793221
_d1793221